| Tag |
First Indicator |
Second Indicator |
Subfields |
| LEADER |
00000nmm a22000001a 4500 |
| 001 |
in00004618721 |
| 006 |
m|||||o||m|||||||| |
| 007 |
cr|cn |||uuuuu |
| 008 |
221118s2011 xxu||||eo|||| ||||||eng d |
| 005 |
20221207215618.9 |
| 035 |
|
|
|a (TxWaIVM)IV1089TiLe
|
| 040 |
|
|
|a TxWaIVM
|c TxWaIVM
|
| 245 |
0 |
0 |
|a Leprechaun #2 /
|c powered by Library Pass.
|
| 260 |
3 |
|
|a [United States] :
|b TidalWave Productions,
|c 2011.
|
| 300 |
|
|
|a 1 online resource.
|
| 336 |
|
|
|a text
|b txt
|2 rdacontent
|
| 337 |
|
|
|a computer
|b c
|2 rdamedia
|
| 338 |
|
|
|a online resource
|b cr
|2 rdacarrier
|
| 520 |
|
|
|a From the cult film from Lionsgate. This is the tale of Lubdan, the king and sole survivor of the Leprechaun. The last of the Leprechauns! A treasure dealer stumbles across his pot of gold and steals it. In this modern age, he finds buyers all over the planet through on-line auctions. Lubdan finds the thief after the gold is shipped to humans across the globe. Lubdan's quest takes him all over the planet, across time and space. Battling greed, the genocidal Cluracan and new mystical adversaries, Lubdan must save all life to save himself...but not without taking lives!
|
| 521 |
|
|
|a 3
|
| 538 |
|
|
|a Requires a valid library card and registration for new users.
|
| 538 |
|
|
|a Mode of access: World Wide Web.
|
| 538 |
|
|
|a System requirements: Flash 10.1 or higher, Windows XP and higher, Internet Explorer 7 and higher, Firefox 3.6 and higher, Google Chrome; Max OS 10.5 and higher, Safari 4 and higher.
|
| 650 |
|
0 |
|a Comic books, strips, etc.
|
| 655 |
|
7 |
|a Electronic books.
|2 local
|
| 655 |
|
7 |
|a Comic books, strips, etc.
|2 gsafd
|
| 650 |
|
0 |
|a Fantasy comic books, strips, etc.
|
| 655 |
|
7 |
|a Fantasy comic books, strips, etc.
|2 gsafd
|
| 650 |
|
0 |
|a Horror comic books, strips, etc.
|
| 655 |
|
7 |
|a Horror comic books, strips, etc.
|2 gsafd
|
| 700 |
1 |
|
|a Hunchar, Zach.
|e writer.
|
| 700 |
1 |
|
|a Davis, Darren G..
|e artist.
|
| 700 |
1 |
|
|a Reed, Jaymes.
|e artist.
|
| 700 |
1 |
|
|a Carter, Kris.
|e artist.
|
| 700 |
1 |
|
|a Torre, Thomas.
|e artist.
|
| 710 |
2 |
|
|a Library Pass, LLC.
|
| 856 |
4 |
0 |
|u http://proxy.library.tamu.edu/login?url=https://tamu.librarypass.com/product/com.iversecomics.bluewater.productions.leprechaun.two.06102011
|z Connect to this electronic book (First time users create your free account)
|t 0
|
| 955 |
|
|
|a Comics Plus.
|
| 999 |
f |
f |
|s 5a204940-eb67-4676-9013-779e259a0043
|i bf8b4a97-1e47-4542-92a5-0a82aa9231b4
|t 0
|
| 952 |
f |
f |
|a Texas A&M University
|b College Station
|c Electronic Resources
|d Available Online
|t 0
|h Library of Congress classification
|
| 998 |
f |
f |
|t 0
|l Available Online
|